LDR 01077naa#a2200217#i#450# 001 RU\\bibl\120140 005 20260630212137.2 011 ## _a2500-4026 100 ## _a20221231b2022####ek#y0rusy0150####ca 101 0# _aRUS 102 ## _aRU 200 1# _aНАУЧНО-МЕТОДИЧЕСКИЙ АППАРАТ РАЦИОНАЛЬНОГО РАСПРЕДЕЛЕНИЯ СИЛ И СРЕДСТВ РСЧС ДЛЯ ПОДТВЕРЖДЕНИЯ ПРИРОДНЫХ ПОЖАРОВ ПО ДАННЫМ КОСМИЧЕСКОГО МОНИТОРИНГА _eЖурнальная статья 210 1# _aЖелезногорск _cФГБОУ ВО Сибирская пожарно-спасательная академия ГПС МЧС России _d2022 215 ## _a8 с. 608 ## _aЖурнальная статья _2local 675 ## _aПожарная охрана. Опасность пожара. Пожары. 614.84 _zRUS 700 #1 _aТопкарян _gА Х 700 #1 _aБелоусов _gР Л 700 #1 _aДрожжин _gН А 700 #1 _aАраштаев _gА И 856 4# _aapbt-sibpsa.editorum.ru _u